000 00437nam a2200145Ia 4500
008 231129s1991||||xx |||||||||||||| ||spa||
020 _a958-9283-00-4
040 _bspa
082 _a342.8 E13c
100 _aEastman Jorge Mario
245 0 _aConstituciones politicas comparadas de America del sur
260 _c1991
264 _aParlamento Andino Secretaria General Ejecutiva
942 _2ddc
_cBKS
999 _c7969
_d7969